A greek-english lexicon of the New Testament and other early christian literature

Enregistré dans:
Détails bibliographiques
Auteur principal: Danker, Frederick William Danker (revisor, Éditeur intellectuel)
Format: Inconnue
Langue:anglais
Publié: Chicago, Illinois, USA. The University of Chicago Press 2000
Édition:Third edition
Sujets:
Tags: Ajouter un tag
Pas de tags, Soyez le premier à ajouter un tag!

MARC

LEADER 00000 a2200000 4500
003 CL-VaPUC
005 20201211180801.0
008 201210b ||||| |||| 00| 0 eng d
999 |c 432268  |d 432266 
020 |a 978-0226039336 
040 |c Pontificia Universidad Católica de Valparaíso 
082 |a 487.4 DAN 2000 
100 |a Danker, Frederick William Danker   |9 858107  |e revisor  |e editor  
245 |a A greek-english lexicon of the New Testament and other early christian literature 
250 |a Third edition  
260 |a Chicago, Illinois, USA.  |b The University of Chicago Press  |c 2000 
300 |a 1108 páginas  
500 |a Based on Walter Bauer’s Griechisch-DeutschesWörterbuch zu den Schriften des Neuen Testaments, sixth edition, edited by Kurt Aland and Barbara Aland, with Viktor Reichman, and on previous English editions by W. F. Arndt, F. W. Gingrich, and F. W. Danker 
583 |k Cristina Rojas  |c 20201210 
630 |a Biblia   |x Nuevo Testamento   |v Diccionarios   |x Crítica e interpretación   |9 858655 
650 |a Griego bíblico   |v Vocabularios   |9 858656 
650 |a Griego bíblico  |x Semántica   |9 858657 
650 |a Literatura cristiana primitiva   |9 858658 
852 |a BIBCUR 
942 |2 ddc  |c BK 
952 |0 0  |1 0  |2 ddc  |4 0  |6 487_400000000000000_DAN_2000  |7 0  |8 X  |9 577086  |a BIBTEO  |b BIBTEO  |d 2020-12-10  |e 74  |g 130243.00  |i 5579139  |l 25  |o 487.4 DAN 2000  |p 5579139  |r 2025-01-17  |s 2024-08-06  |t 1  |v 130243.00  |w 2020-12-10  |y BK  |k ICR